[Event "EUCup Gr2"]
[Site "Bonnevoie"]
[Date "1998.09.11"]
[Round "1"]
[White "Golod, Vitali"]
[Black "Gurevich, Dmitry"]
[Result "1-0"]
[WhiteElo "2555"]
[BlackElo "2505"]

1.d4 Nf6 2.c4 e6 3.Nf3 c5 4.d5 d6 5.Nc3 exd5 6.cxd5 g6 7.h3 Bg7 8.e4 O-O
9.Bd3 Bd7 10.Bf4 Re8 11.O-O c4 12.Bc2 Qb6 13.Rb1 Na6 14.a3 Nc5 15.Re1 Rad8
16.Qd2 Nb3 17.Bxb3 cxb3 18.Be3 Qa6 19.Bd4 Bb5 20.Rbd1 Bc4 21.Qf4 Nh5 22.Qg5 h6
23.Qe3 Nf6 24.Bxa7 Re7 25.Bd4 Rde8 26.Bxf6 Bxf6 27.Qxh6 Bd3 28.Ng5 Bxg5 29.Qxg5 Bxe4
30.Qh4 Qc4 31.Re3 Re5 32.Qf6 Bc2 33.Rxe5 Rxe5 34.Qxd6 Qf4 35.Ne2 Qe4 36.Rd2 Re8
37.Qb4 Qe5 38.d6 Rd8 39.Qd4 Qe6 40.Kh2 Rd7 41.Nf4 Qe4 42.Qf6 Qe8 43.Nd5  1-0

[Event "CRO-chT"]
[Site "Porec"]
[Date "1998.09.12"]
[Round "6"]
[White "Bukal, Vladimir Jr"]
[Black "Bogut, Zeljko"]
[Result "1/2-1/2"]
[WhiteElo "2390"]
[BlackElo "2360"]

1.d4 Nf6 2.Nf3 e6 3.c4 c5 4.d5 exd5 5.cxd5 d6 6.Nc3 g6 7.e4 Bg7 8.h3 O-O
9.Bd3 b5 10.O-O b4 11.Ne2 a5 12.Ng3 Nbd7 13.Bg5 Qe7 14.Qd2 Re8 15.Rfe1 Ba6
16.Bxa6 Rxa6 17.Nh2  1/2-1/2

[Event "Elista ol (Men)"]
[Site "Elista"]
[Date "1998.10.02"]
[Round "4"]
[White "Gretarsson, Helgi Ass"]
[Black "Galego, Luis"]
[Result "1/2-1/2"]
[WhiteElo "2480"]
[BlackElo "2425"]

1.d4 Nf6 2.c4 e6 3.Nf3 c5 4.d5 exd5 5.cxd5 d6 6.Nc3 g6 7.Bf4 Bg7 8.Qa4+ Bd7
9.Qb3 Qc7 10.e4 O-O 11.Be2 b5 12.Bxb5 Nxe4 13.Nxe4 Qa5+ 14.Bd2 Qxb5 15.Qxb5 Bxb5
16.Nxd6 Bd3 17.O-O-O Na6 18.Bc3 Bh6+ 19.Bd2 Bg7 20.Bc3 Bh6+ 21.Bd2  1/2-1/2

[Event "Elista ol (Men)"]
[Site "Elista"]
[Date "1998.10.03"]
[Round "5"]
[White "Sturua, Zurab"]
[Black "Moldobaev, Emil"]
[Result "1-0"]
[WhiteElo "2600"]
[BlackElo "2490"]

1.d4 Nf6 2.c4 c5 3.d5 e6 4.Nc3 exd5 5.cxd5 d6 6.Nf3 g6 7.h3 Bg7 8.e4 O-O
9.Bd3 Na6 10.O-O Nc7 11.Re1 Re8 12.Bf4 b5 13.e5 dxe5 14.Bxe5 c4 15.d6 Ne6
16.Bf1 Bd7 17.a4 a6 18.axb5 axb5 19.Rxa8 Qxa8 20.Bxf6 Bxf6 21.Ne5 Qd8 22.Nd5 Bxe5
23.Rxe5 Kg7 24.Qd2 Bc6 25.Re1 Bxd5 26.Qxd5 Qd7 27.g3 Rc8 28.Rd1 Rc5 29.Qd2 Rc8
30.h4 h5 31.Qc3+ Kg8 32.Bh3 Rc6 33.Qe5 Rc8 34.Qf6 b4 35.Bxe6  1-0

[Event "Elista ol (Men)"]
[Site "Elista"]
[Date "1998.10.10"]
[Round "11"]
[White "Saud, Mohamed"]
[Black "Krstev, Antonio"]
[Result "1-0"]
[WhiteElo "2220"]
[BlackElo "2165"]

1.d4 Nf6 2.Nf3 e6 3.c4 c5 4.d5 exd5 5.cxd5 d6 6.Nc3 g6 7.e4 Bg7 8.Bd3 O-O
9.O-O Bg4 10.Bg5 Nbd7 11.Be2 Re8 12.Nd2 Bxe2 13.Qxe2 a6 14.a4 h6 15.Bh4 Rb8
16.f4 b5 17.axb5 axb5 18.Ra6 b4 19.Nb5 Nb6 20.Na7 Qd7 21.Nc6 Rb7 22.Qf3 Na8
23.e5 dxe5 24.Nxe5 Qf5 25.Ndc4 Nc7 26.Rxf6 Bxf6 27.Nd6 Qh5 28.Qxh5 Bxe5 29.Qxh6 Bxd6
30.Bf6  1-0

[Event "Wch U18 Girls"]
[Site "Oropesa del Mar"]
[Date "1998.10.27"]
[Round "3"]
[White "Decsey, Katalin"]
[Black "Babataeva, Indira"]
[Result "0-1"]
[WhiteElo "2190"]
[BlackElo "2020"]

1.d4 Nf6 2.c4 e6 3.Nf3 c5 4.d5 exd5 5.cxd5 d6 6.Nc3 g6 7.e3 Bg7 8.Bd3 Na6
9.O-O O-O 10.a3 Nc7 11.e4 b5 12.Re1 Rb8 13.Qe2 Re8 14.Bg5 c4 15.Bc2 h6 16.Bxf6 Qxf6
17.Nd2 a5  0-1

[Event "Wch U18"]
[Site "Oropesa del Mar"]
[Date "1998.10.31"]
[Round "6"]
[White "Halkias, Stelios"]
[Black "Berescu, Alin"]
[Result "0-1"]
[WhiteElo "2435"]
[BlackElo "2370"]

1.d4 Nf6 2.Nf3 e6 3.c4 c5 4.d5 exd5 5.cxd5 d6 6.Nc3 g6 7.h3 Bg7 8.e4 O-O
9.Bd3 Re8 10.O-O c4 11.Bc2 b5 12.a3 a6 13.Bg5 Bb7 14.Qd2 Nbd7 15.Qf4 Qe7
16.Rad1 Qf8 17.Qh2 Nc5 18.Rfe1 h6 19.Bf4 Rad8 20.g4 a5 21.g5 Nh5 22.gxh6 Bxh6
23.Bxh6 Qxh6 24.Nxb5 Nf4 25.h4 f6 26.Nbd4 Bc8 27.Re3 Rd7 28.Qg3 Rg7 29.Ne6 Ncxe6
30.dxe6 g5 31.hxg5 fxg5 32.Rxd6 g4 33.Nh2 Nh5 34.e7 Qg5 35.Qg2 g3 36.Kf1 Qxe7
37.Nf3 Qxd6 38.e5 Qf8 39.Nd4 Qxf2+ 40.Qxf2 gxf2 41.Kxf2 Rf8+ 42.Ke1 Nf4  0-1

[Event "ISR-ch"]
[Site "Ramat Aviv"]
[Date "1998.11.08"]
[Round "1.1"]
[White "Avrukh, Boris"]
[Black "Uritzky, Maxim"]
[Result "1-0"]
[WhiteElo "2565"]
[BlackElo "2420"]

1.d4 Nf6 2.c4 c5 3.d5 e6 4.Nf3 exd5 5.cxd5 d6 6.Nc3 g6 7.h3 Bg7 8.e4 O-O
9.Bd3 Na6 10.O-O Nc7 11.Re1 Re8 12.a4 a6 13.Bf4 Rb8 14.Bf1 h6 15.Bh2 g5 16.e5 dxe5
17.Nxe5 Rf8 18.Qf3 Bd7 19.Rad1 Rc8 20.Bc4 Nce8 21.d6 Bc6 22.Qd3 Nd7 23.Nxf7 Rxf7
24.Re7 Nef6 25.Rxf7 Kh8 26.Qg6  1-0

[Event "Budapest FS11 IM-A"]
[Site "Budapest"]
[Date "1998.11.11"]
[Round "5"]
[White "Molnar, Laszlo"]
[Black "Kraai, Jesse"]
[Result "1/2-1/2"]
[WhiteElo "2330"]
[BlackElo "2385"]

1.d4 Nf6 2.c4 e6 3.Nf3 c5 4.d5 exd5 5.cxd5 d6 6.Nc3 g6 7.e4 Bg7 8.h3 O-O
9.Bd3 Re8 10.O-O Bd7 11.a4 Na6 12.Re1 Nb4 13.Bb1 c4 14.Bf4 Qb6 15.a5 Qc5
16.Qd2 b6 17.Be3 Qc7 18.axb6 axb6 19.Rxa8 Rxa8 20.Nb5 Bxb5 21.Qxb4 Ra5 22.Nd4 Qd7
23.Bc1 Ne8 24.Nc6 Bxc6 25.Qxb6 Ra1 26.dxc6 Qc7 27.Qb7 d5 28.Qxc7 Nxc7 29.Bf4 Bxb2
30.Rd1 Ne6 31.exd5 Nxf4 32.c7 Ra8 33.d6 Be5 34.Be4 Rf8 35.Bb7 c3 36.Be4 Ne6
37.Rd5 Bxd6 38.Rxd6 Nxc7 39.Rc6  1/2-1/2

[Event "Budapest FS11 IM-A"]
[Site "Budapest"]
[Date "1998.11.13"]
[Round "7"]
[White "Belotelov, Dimitri"]
[Black "Kraai, Jesse"]
[Result "1-0"]
[WhiteElo "2245"]
[BlackElo "2385"]

1.d4 Nf6 2.c4 e6 3.Nf3 c5 4.d5 exd5 5.cxd5 d6 6.Nc3 g6 7.Nd2 Bg7 8.Nc4 O-O
9.g3 b6 10.a4 Ba6 11.Nb5 Bxb5 12.axb5 Nbd7 13.Bg2 Ne5 14.Nxe5 dxe5 15.d6 e4
16.Bg5 Re8 17.Bh3 Re5 18.Qd2 h6 19.Bxf6 Qxf6 20.O-O Rd8 21.d7 e3 22.fxe3 Qg5
23.Rxa7 Rxe3 24.Rf4 Be5 25.Qxe3 Bd4 26.Qxd4 cxd4 27.Rc7 Kg7 28.Rc8 Rxd7 29.Bxd7 Qe5
30.Rc2 Qe3+ 31.Rf2 f5 32.Bc6 Qb3 33.Rc1 Qxb2 34.Rd1 Qc3 35.Rf4 Qc2 36.Rfxd4 Qxe2
37.Rd7+ Kf6 38.R7d3 h5 39.Bf3 Qc2 40.Rd7 Qc5+ 41.Kg2 Kg5 42.h4+ Kh6 43.R1d5 Qc2+
44.Rd2 Qc1 45.Re2 f4 46.Ree7 Qc2+ 47.Kh3  1-0

[Event "AUT-chT2M 9899"]
[Site "Austria"]
[Date "1998.12.12"]
[Round "4"]
[White "Dornauer, Joachim"]
[Black "Loidl, Florian"]
[Result "1-0"]
[WhiteElo "2160"]
[BlackElo "2027"]

1.d4 Nf6 2.c4 c5 3.d5 e6 4.Nc3 exd5 5.cxd5 d6 6.Nf3 g6 7.h3 Bg7 8.e4 O-O
9.Bd3 Re8 10.O-O a6 11.a4 Nbd7 12.Bf4 c4 13.Bc2 Nc5 14.Re1 Nh5 15.Bh2 Rb8
16.e5 g5 17.exd6 Rxe1+ 18.Qxe1 Nf4 19.Bxf4 gxf4 20.Qe7 Bd7 21.Re1 Bf6 22.Qe2 b5
23.axb5 axb5 24.Ne4 Rc8 25.Nxc5 Rxc5 26.Qe4 Bxb2 27.Qxh7+ Kf8 28.Re7 Bg7
29.Ne5 Be6 30.Ng6+  1-0

[Event "AUT-chT2M 9899"]
[Site "Austria"]
[Date "1998.12.13"]
[Round "5"]
[White "Hicker, Harald"]
[Black "Steinmueller, Guenther"]
[Result "1/2-1/2"]
[WhiteElo "2130"]
[BlackElo "1985"]

1.Nf3 Nf6 2.d4 e6 3.c4 c5 4.d5 exd5 5.cxd5 d6 6.Nc3 g6 7.e4 Bg7 8.Bb5+ Nfd7
9.Bf4 Qe7 10.O-O O-O 11.Re1 a6 12.Bxd7 Nxd7 13.Qd2 Re8 14.e5 Nxe5 15.Nxe5 dxe5
16.d6 Qd8 17.Bg5 f6  1/2-1/2

[Event "GRE-ch 48th"]
[Site "Athens"]
[Date "1998.12.16"]
[Round "4"]
[White "Skembris, Spyridon"]
[Black "Papaioannou, Ioannis"]
[Result "0-1"]
[WhiteElo "2480"]
[BlackElo "2520"]

1.d4 Nf6 2.c4 e6 3.Nf3 c5 4.d5 exd5 5.cxd5 d6 6.Nc3 g6 7.e4 Bg7 8.h3 O-O
9.Bd3 Bd7 10.O-O b5 11.Re1 c4 12.Bc2 b4 13.Ne2 Re8 14.Ned4 Na6 15.Bg5 Qb6
16.Be3 Nc5 17.Nd2 Qa6 18.b3 c3 19.Nc4 Nfxe4 20.a3 bxa3 21.Rxa3 Qb7 22.Nf3 Qb4
23.Bc1 Bb5 24.Na5 Nd2 25.Rxe8+ Rxe8 26.Nc6 Bxc6 27.dxc6 Nce4 28.Bxe4 Nxe4
29.Qd5 Qc5 30.Qxc5 Nxc5 31.Rxa7 Nxb3 32.Ba3 Bf8 33.c7 Rc8 34.Ne1 Nc5 35.Bb4 Ne6
36.Bxc3 Rxc7 37.Rxc7 Nxc7 38.Nd3 d5 39.Kf1 Bd6 40.Ba5 Ne6 41.Ke2 Kf8 42.Ke3 Ke7
43.Bc3 Nc7 44.g4 Ne6 45.f4 f5 46.Bb2 Kd7 47.gxf5 gxf5 48.Be5 Be7 49.Ne1 Ba3
50.Ng2 Bc5+ 51.Kd3 Bd6 52.Bxd6 Kxd6 53.Kc3 Kc5 54.Nh4 Nxf4 55.Nxf5 Nxh3 56.Kd3 Nf4+
57.Ke3 Ne6 58.Kd3 h5 59.Ke3 Kc4 60.Nd6+ Kc3 61.Nb5+ Kc2 62.Na3+ Kb3 63.Nb1 h4
64.Kf3 Ng5+ 65.Kg4 Ne4  0-1

[Event "Festival comtois 3rd"]
[Site "Belfort"]
[Date "1998.12.20"]
[Round "7"]
[White "Hauchard, Arnaud"]
[Black "Degraeve, Jean Marc"]
[Result "1/2-1/2"]
[WhiteElo "2500"]
[BlackElo "2580"]

1.d4 Nf6 2.c4 e6 3.Nf3 c5 4.d5 exd5 5.cxd5 d6 6.Nc3 g6 7.h3 Bg7 8.e4 O-O
9.Bd3 b5 10.Bxb5 Nxe4 11.Nxe4 Qa5+ 12.Nfd2 Qxb5 13.Nxd6 Qa6 14.N2c4 Nd7 15.O-O Nb6
16.Nxb6 Qxb6 17.Nxc8 Raxc8 18.Re1 Rfe8 19.Rxe8+ Rxe8 20.Be3 Bd4 21.Qd2 Rd8
22.Rd1  1/2-1/2

[Event "Bayern-ch Bank Hofmann 2nd"]
[Site "Bad Wiesse"]
[Date "1998.??.??"]
[Round "7"]
[White "Kostic, Vladimir"]
[Black "Guth, Thomas"]
[Result "1-0"]
[WhiteElo "2410"]
[BlackElo "2250"]

1.d4 e6 2.c4 Nf6 3.Nf3 c5 4.d5 exd5 5.cxd5 d6 6.Nc3 g6 7.h3 Bg7 8.Bg5 O-O
9.e3 b6 10.Be2 Ba6 11.O-O Bxe2 12.Qxe2 a6 13.a4 Ra7 14.Nd2 Re7 15.Nc4 Qc7
16.Qf3 Nbd7 17.Rad1 Rb8 18.Bf4 Ne8 19.Ne4 Ne5 20.Nxe5 Bxe5 21.b4 f5 22.Ng5 Ng7
23.bxc5 bxc5 24.Bxe5 Rxe5 25.Qe2 a5 26.Rb1 h6 27.Ne6 Nxe6 28.dxe6 Rxe6 29.Rxb8+ Qxb8
30.Qa2 Qe8 31.Rb1 Kh7 32.Rb7+ Re7 33.Qe6 Rxb7 34.Qxe8 h5 35.Qc8  1-0

[Event "Landesliga Nord 9899"]
[Site "Bayern"]
[Date "1998.??.??"]
[Round "?"]
[White "Schmitt, Guenther"]
[Black "Kreuzer, Gerhard"]
[Result "1/2-1/2"]
[WhiteElo "2015"]
[BlackElo "2180"]

1.d4 Nf6 2.Nf3 c5 3.d5 e6 4.c4 exd5 5.cxd5 d6 6.Nc3 g6 7.e4 Bg7 8.Be2 Bg4
9.O-O O-O 10.h3 Bxf3 11.Bxf3 a6 12.a4 Nbd7 13.Qc2 Rb8 14.a5 Re8 15.Re1 Qc7
16.Be2 Re7 17.Ra4 Rbe8 18.f4 b5 19.axb6 Nxb6 20.Rxa6 Nxe4 21.Nb5 Qb8 22.Bc4 Nxd5
23.Bxd5 Qxb5 24.Ra8 Rxa8 25.Bxa8 Bd4+ 26.Kh2 f5 27.Bxe4 fxe4 28.Rxe4 Rxe4
29.Qxe4 Qf1  1/2-1/2

[Event "Regionalliga NO9798"]
[Site "Bayern"]
[Date "1998.??.??"]
[Round "?"]
[White "Rupprecht, Andreas"]
[Black "Wallinger, Manfred"]
[Result "1-0"]
[WhiteElo "2235"]
[BlackElo "2145"]

1.d4 Nf6 2.c4 c5 3.d5 e6 4.Nc3 exd5 5.cxd5 d6 6.Nf3 g6 7.h3 Bg7 8.e4 O-O
9.Bd3 b5 10.Nxb5 Nxe4 11.Bxe4 Re8 12.Ng5 Ba6 13.a4 Bf6 14.Ne6 Qb6 15.O-O Bxb5
16.axb5 a6 17.Qf3  1-0

[Event "Regionalliga SO9798"]
[Site "Bayern"]
[Date "1998.??.??"]
[Round "?"]
[White "Reischl, Markus"]
[Black "Fischer, Michael2"]
[Result "1/2-1/2"]
[WhiteElo "2020"]
[BlackElo "2030"]

1.d4 Nf6 2.c4 e6 3.Nf3 c5 4.d5 exd5 5.cxd5 d6 6.Nc3 g6 7.e4 Bg7 8.h3 O-O
9.Bd3 b6 10.O-O Ba6 11.Re1 Bxd3 12.Qxd3 a6 13.a4 Nbd7 14.Bf4 Ne8 15.e5 dxe5
16.Nxe5 Nxe5 17.Bxe5 Bxe5 18.Rxe5 Qf6 19.Rae1 Nd6 20.R5e2 Rfd8 21.g4 Qd4
22.Rd1 Qxd3 23.Rxd3 b5 24.axb5 axb5 25.Ne4 c4 26.Rdd2 Rac8 27.Nxd6 Rxd6 28.Re1 Rc5
29.Red1 b4 30.Kg2 b3 31.Kf3 c3 32.bxc3 Rxc3+ 33.Rd3 Rxd5  1/2-1/2

[Event "Berliner Sommer 16th"]
[Site "Berlin"]
[Date "1998.??.??"]
[Round "2"]
[White "Guliev, Sarhan"]
[Black "Pueschel, Werner"]
[Result "1-0"]
[WhiteElo "2465"]
[BlackElo "2225"]

1.d4 Nf6 2.c4 c5 3.d5 e6 4.Nc3 exd5 5.cxd5 d6 6.Nf3 g6 7.Nd2 Bg7 8.e4 O-O
9.Be2 a6 10.a4 Nbd7 11.O-O Re8 12.Qc2 Rb8 13.Ra3 Qc7 14.a5 b5 15.axb6 Rxb6
16.f4 Nb8 17.Nc4 Rb4 18.e5 Bf5 19.Qd1 dxe5 20.fxe5 Rxc4 21.d6 Qb7 22.Bxc4 Rxe5
23.Qb3 Qa7 24.Bf4 Re8 25.Nb5 Qd7 26.Nc7 Rf8 27.Nxa6 Nxa6 28.Rxa6 Ng4 29.h3 Bd4+
30.Kh1 Nf2+ 31.Kh2 Kg7 32.Rb6 Be4 33.Qg3  1-0

[Event "Berliner Sommer 16th"]
[Site "Berlin"]
[Date "1998.??.??"]
[Round "6"]
[White "Muse, Drazen"]
[Black "Brynell, Stellan"]
[Result "1-0"]
[WhiteElo "2310"]
[BlackElo "2485"]

1.d4 e6 2.c4 Nf6 3.Nf3 c5 4.d5 d6 5.Nc3 exd5 6.cxd5 g6 7.e4 Bg7 8.h3 O-O
9.Bd3 Bd7 10.O-O b5 11.Nxb5 Nxe4 12.Re1 Nxf2 13.Kxf2 c4 14.Bxc4 Bxb5 15.Bxb5 Qb6+
16.Be3 Qxb5 17.Bd4 Nd7 18.Bxg7 Kxg7 19.Nd4 Qb6 20.Kg3 Ne5 21.Qd2 Rac8 22.Re4 Kg8
23.Rh4 f5 24.Ne6 Rfe8 25.Rb4 Qa5 26.a3 Re7 27.Rc1 Rce8 28.Qd4 Qa6 29.Rb3 Rb7
30.Rxb7 Qxb7 31.Rc7 Qb3+ 32.Kh2 Qb6 33.Qh4 Nf3+ 34.gxf3 Qxb2+ 35.Kg3 Qe5+
36.Kg2 Qb2+ 37.Qf2 Qxa3 38.Qd4 Qa2+ 39.Kg3  1-0

[Event "Bled op"]
[Site "Bled"]
[Date "1998.??.??"]
[Round "5"]
[White "Soln, Primoz"]
[Black "Stocek, Jiri"]
[Result "1-0"]
[WhiteElo "2350"]
[BlackElo "2450"]

1.d4 Nf6 2.c4 e6 3.Nf3 c5 4.d5 d6 5.Nc3 exd5 6.cxd5 g6 7.Bf4 Bg7 8.Qa4+ Bd7
9.Qb3 b5 10.Nxb5 Qa5+ 11.Nc3 Na6 12.Bxd6 Ne4 13.Be5 f6 14.Bf4 O-O 15.Nd2 Nxc3
16.Nc4 Qd8 17.bxc3 Nc7 18.Rd1 Rb8 19.Qc2 f5 20.e3 Nb5 21.Bxb8 Bxc3+ 22.Nd2 Qa5
23.Bg3 Na3 24.Qb3 f4 25.Bxf4 c4 26.Bxc4 Nxc4 27.Qxc4 Rc8 28.Qb3 Bxd2+ 29.Rxd2 Rc1+
30.Ke2 Bb5+ 31.Kf3 Qxd2 32.Qxb5  1-0

[Event "Budapest Nyar-A"]
[Site "Budapest"]
[Date "1998.??.??"]
[Round "4"]
[White "Gonzalez Garcia, Jose"]
[Black "Stocek, Jiri"]
[Result "0-1"]
[WhiteElo "2445"]
[BlackElo "2470"]

1.d4 Nf6 2.c4 e6 3.Nf3 c5 4.d5 d6 5.Nc3 exd5 6.cxd5 g6 7.h3 a6 8.a4 Qe7 9.Bf4 Nbd7
10.e3 Bg7 11.Be2 O-O 12.O-O Rb8 13.Bh2 Ne8 14.Qc2 Nc7 15.Rfd1 Re8 16.a5 b5
17.axb6 Rxb6 18.Nd2 Ne5 19.Kh1 Rb4 20.Nb3 Nb5 21.Na5 Bf5 22.Qd2 Qc7 23.Rdc1 Nxc3
24.bxc3 Re4 25.f3 Rh4 26.g4 Rxh3 27.gxf5 Nxf3 28.Bxf3 Be5 29.Bg2 Rxh2+ 30.Kg1 Rh5
31.e4 Qe7 32.Nc6 Bh2+ 33.Kf1 Qf6 34.Ke2 Rxf5 35.Rf1 Bf4 36.Qd3 Qg5 37.Bf3 Rxd5  0-1

[Event "Budapest FS09 IM-B"]
[Site "Budapest"]
[Date "1998.??.??"]
[Round "7"]
[White "Eperjesi, Laszlo"]
[Black "Bordas, Gyula"]
[Result "1-0"]
[WhiteElo "2305"]
[BlackElo "2165"]

1.d4 c5 2.d5 e6 3.c4 exd5 4.cxd5 d6 5.Nc3 Nf6 6.Nf3 Nbd7 7.e4 h6 8.Be2 g5
9.Nd2 Ne5 10.Nf1 g4 11.Be3 Bg7 12.Bb5+ Kf8 13.Be2 Kg8 14.Qc2 Qf8 15.f4 gxf3
16.gxf3 Bh3 17.Nd2 a6 18.Rg1 b5 19.a4 b4 20.Nd1 Qe7 21.Nf2 Bd7 22.f4 Ng6
23.Nc4 Re8 24.Bf3 Nh4 25.Bh1 Bb5 26.axb5 axb5 27.Nxd6 Qxd6 28.e5 Qd8 29.exf6 Qxf6
30.Be4 c4 31.Ng4  1-0

[Event "Cap d'Agde op"]
[Site "Cap d'Agde"]
[Date "1998.??.??"]
[Round "8"]
[White "Skembris, Spyridon"]
[Black "Pigusov, Evgeny"]
[Result "1/2-1/2"]
[WhiteElo "2490"]
[BlackElo "2575"]

1.d4 Nf6 2.c4 e6 3.Nf3 c5 4.d5 exd5 5.cxd5 d6 6.Nc3 g6 7.h3 Bg7 8.e4 O-O
9.Bd3 b5 10.Bxb5 Nxe4 11.Nxe4 Qa5+ 12.Nfd2 Qxb5 13.Nxd6 Qa6 14.N2c4 Rd8 15.Bf4 Nd7
16.O-O Nb6 17.Nxb6 Qxb6 18.Nxc8 Raxc8 19.Rb1 Qb7 20.d6 Bf8 21.Qd3 Bxd6 22.Bxd6 Rc6
23.Rfd1 Rcxd6 24.Qxd6 Rxd6 25.Rxd6  1/2-1/2

[Event "CZE-chT2 9899"]
[Site "CZE"]
[Date "1998.??.??"]
[Round "?"]
[White "Paulovic, Martin"]
[Black "Vacek, Martin"]
[Result "1-0"]
[WhiteElo "2205"]
[BlackElo "2210"]

1.Nf3 Nf6 2.d4 c5 3.d5 e6 4.c4 exd5 5.cxd5 d6 6.Nc3 g6 7.e4 Bg7 8.h3 O-O
9.Be2 Na6 10.O-O Nc7 11.a4 b6 12.Nd2 Ba6 13.Re1 Bxe2 14.Qxe2 a6 15.Nc4 Rb8
16.Bf4 Nfe8 17.e5 dxe5 18.Nxe5 Rb7 19.Rad1 Nd6 20.Nc6 Qd7 21.Qe7 Nce8 22.Qxd7 Rxd7
23.Nb8 Rd8 24.Nxa6 Nc4 25.Re2 Ned6 26.Nc7 Rd7 27.N3b5 Nxb5 28.axb5 Nxb2 29.Rdd2 Nc4
30.Ra2 Nd6 31.Ra6 Nc8 32.Ra8 Ne7 33.d6 Nf5 34.Ree8 h5 35.Nd5 Rxe8 36.Rxe8+ Kh7
37.Nxb6 Rxd6 38.Bxd6 Nxd6 39.Rb8 Nxb5 40.Nd7 Nd4 41.Nxc5 Nf5 42.Ne4 Be5 43.Rb7 Kg7
44.g3 Kg8 45.Kg2 Kg7 46.f4 Nd6 47.Nxd6 Bxd6 48.Rb6 Bc5 49.Rc6 Bd4 50.Kf3 f5
51.g4 hxg4+ 52.hxg4 fxg4+ 53.Kxg4 Bf6 54.Rc7+ Kg8 55.Kf3 Bb2 56.Ke4 Bf6 57.Kd5 Bh4
58.Ke6 Bg3 59.Rf7 Bh4 60.Rb7 Bg3 61.Rf7 Bh4 62.Ra7 Bg3 63.Kf6 Bxf4 64.Kxg6  1-0

[Event "POL-ch sf"]
[Site "Czestochowa"]
[Date "1998.??.??"]
[Round "6"]
[White "Michalski, Olaf"]
[Black "Widera, Jan"]
[Result "1-0"]
[WhiteElo "2305"]
[BlackElo "2245"]

1.d4 Nf6 2.c4 c5 3.d5 e6 4.Nc3 exd5 5.cxd5 d6 6.Nf3 g6 7.Nd2 Bg7 8.Nc4 O-O
9.Bf4 Ne8 10.e3 Bxc3+ 11.bxc3 b5 12.Nd2 a6 13.Be2 Bb7 14.c4 Nd7 15.O-O b4
16.e4 Qe7 17.Bh6 Ng7 18.f4 Rfe8 19.Bf3 f6 20.Qc2 a5 21.Rae1 a4 22.g4 Nb6
23.e5 dxe5 24.fxe5 fxe5 25.Ne4 Rec8 26.Bg5 Qc7 27.Nf6+ Kh8 28.Be4 b3 29.axb3 axb3
30.Qxb3 Ba6 31.Qh3 Ne8 32.Bxg6 Bxc4 33.Bxh7 Bxf1 34.Rxf1 Kg7 35.Qh6+ Kf7
36.Ne4+  1-0

[Event "Dieren op"]
[Site "Dieren"]
[Date "1998.??.??"]
[Round "6"]
[White "Van Baarle, C John"]
[Black "Anka, Emil"]
[Result "0-1"]
[WhiteElo "2295"]
[BlackElo "2420"]

1.d4 Nf6 2.Nf3 e6 3.c4 c5 4.d5 exd5 5.cxd5 d6 6.Nc3 g6 7.e4 a6 8.a4 Bg4 9.Be2 Bxf3
10.Bxf3 Nbd7 11.O-O Bg7 12.Be2 O-O 13.f4 Re8 14.Qc2 Rc8 15.Bd2 c4 16.Kh1 Nc5
17.e5 dxe5 18.fxe5 Rxe5 19.Bf4 Re8 20.Bxc4 Nce4 21.Ba2 Nh5 22.d6 Nxf4 23.Rxf4 Nxd6
24.Qf2 Bxc3 25.Rxf7 Kh8 26.bxc3 Nxf7 27.Qxf7 Qe7 28.Qf2 Qe5  0-1

[Event "Dieren op"]
[Site "Dieren"]
[Date "1998.??.??"]
[Round "9"]
[White "Dekker, Theo"]
[Black "Erwich, Frans AGM"]
[Result "1/2-1/2"]
[WhiteElo "2215"]
[BlackElo "2105"]

1.d4 Nf6 2.c4 e6 3.Nc3 c5 4.d5 exd5 5.cxd5 d6 6.Nf3 g6 7.e4 Bg7 8.Nd2 O-O
9.Nc4 b5 10.Nxb5 Nxe4 11.Be2 a6 12.Nba3 Nd7 13.O-O Ne5 14.Be3 Re8 15.Nxe5 Rxe5
16.Nc4 Re8 17.f3 Nf6 18.Bf4 Nh5 19.Bxd6 Bd4+ 20.Kh1 Bb7 21.f4 Bxd5 22.Be5 Qh4
23.Bxh5 Bxc4 24.Be2 Bxe5 25.g3 Bxe2 26.Qxe2 Qd8 27.fxe5 Qd5+ 28.Qg2 Rxe5
29.Rad1 Qxg2+ 30.Kxg2 Re2+ 31.Rf2 Rae8 32.Rd7 R8e7 33.Rd8+ Kg7 34.Rc8 R2e5
35.Rc6 R7e6 36.Rc7 Rf6 37.Rc2 Rd6 38.Rf2 Rf6 39.Rc2 Rfe6 40.Rf2 Re7 41.Rc6 R7e6
42.Rc7 Re7  1/2-1/2

[Event "Dieren op"]
[Site "Dieren"]
[Date "1998.??.??"]
[Round "9"]
[White "Van Rijn, Anton"]
[Black "Obers, Frits"]
[Result "1-0"]
[WhiteElo "2245"]
[BlackElo "2135"]

1.d4 Nf6 2.c4 e6 3.Nf3 c5 4.d5 exd5 5.cxd5 d6 6.Nc3 g6 7.e4 Bg7 8.h3 O-O
9.Bd3 b5 10.Nxb5 Re8 11.Nd2 Nxe4 12.Bxe4 Ba6 13.a4 Qa5 14.Nxd6 Nd7 15.Qc2 f5
16.Kd1 fxe4 17.N2c4 Qd8 18.Nxe8 Qxe8 19.Re1 Rd8 20.Bd2 Nf6 21.d6 Qe6 22.b3 Ng4
23.hxg4 Qxg4+ 24.Kc1 Bxa1 25.Qxe4 Qxe4 26.Rxe4 Bxc4 27.Rxc4 Rxd6 28.Rxc5 Bd4
29.Rc8+ Kf7 30.f3 h5 31.Kc2 Ke6 32.b4 Kf5 33.b5 g5 34.Rf8+ Rf6 35.Rxf6+ Kxf6
36.Bc3 Bxc3 37.Kxc3  1-0

[Event "Centrocoop June op-A"]
[Site "Eforie Nord "]
[Date "1998.??.??"]
[Round "?"]
[White "Plass, Heinrich"]
[Black "Tkachenko, Vadim"]
[Result "1-0"]
[WhiteElo "2095"]
[BlackElo "2000"]

1.d4 Nf6 2.Nf3 c5 3.d5 e6 4.c4 exd5 5.cxd5 d6 6.Nc3 g6 7.Bf4 Bg7 8.Qa4+ Bd7
9.Qb3 Qc7 10.e4 Nh5 11.Be3 O-O 12.Be2 Re8 13.Nd2 Nf6 14.h3 Na6 15.O-O Rab8
16.a4 Rbc8 17.Bc4 Nb4 18.Rfe1 b6 19.Bf4 a6 20.e5 dxe5 21.d6 Qxd6 22.Bxf7+ Kf8
23.Nc4 Qe7 24.Bxe8 Nxe8 25.Nxe5 Be6 26.Nd7+ Kf7 27.Qxe6+ Qxe6 28.Rxe6 Kxe6
29.Nb8 Bd4 30.Be3 Be5 31.Nd7 Bc7 32.Nf8+ Ke5 33.Nxh7 Nd6 34.g3 Nc4 35.Bf4+  1-0

[Event "Pyramiden Franken Cup"]
[Site "Fuerth"]
[Date "1998.??.??"]
[Round "3"]
[White "Arnold, Johannes"]
[Black "Hamdouchi, Hichem"]
[Result "1/2-1/2"]
[WhiteElo "2325"]
[BlackElo "2555"]

1.d4 Nf6 2.c4 e6 3.Nf3 c5 4.d5 exd5 5.cxd5 d6 6.Nc3 g6 7.Nd2 Bg7 8.e4 O-O
9.Be2 Re8 10.O-O Nbd7 11.a4 Ne5 12.Re1 Nh5 13.Nf1 Qh4 14.Nb5 Rd8 15.g3 Qh3
16.f4 a6 17.fxe5 axb5 18.Bg5 Rf8 19.exd6 Bxb2 20.Bxb5 Bd4+ 21.Be3 Bg4 22.Qc2 Bxa1
23.Rxa1 Bd7 24.Qxc5 Rfc8 25.Qd4 Rc2 26.Bd2 Bxb5 27.axb5 Rxa1 28.Qxa1 Qd7
29.Qe5 f6 30.Qe6+ Qxe6 31.dxe6 Ng7 32.d7 Nxe6 33.Ba5 Rc4 34.d8=Q+ Nxd8 35.Bxd8 Rxe4
36.b6 Kf7 37.Bc7 Re2 38.h4 g5 39.hxg5 fxg5 40.Nh2 h5 41.Nf3 Kg6 42.Nd4 Rb2
43.Ne6 Kf5 44.Nc5 Kg4 45.Nxb7 Kf3 46.Nc5 Rb1+ 47.Kh2 Rb2+ 48.Kg1  1/2-1/2

[Event "Oberliga Sued W9798"]
[Site "GER"]
[Date "1998.??.??"]
[Round "?"]
[White "Parulava, Temur"]
[Black "Daum, Holger"]
[Result "1-0"]
[WhiteElo "2275"]
[BlackElo "2200"]

1.d4 Nf6 2.c4 c5 3.d5 e6 4.Nc3 exd5 5.cxd5 d6 6.Nf3 g6 7.h3 Bg7 8.Bf4 O-O
9.e3 Na6 10.Bc4 Nc7 11.O-O Rb8 12.a4 b6 13.Qe2 a6 14.Rfd1 Qd7 15.Qc2 b5 16.Ba2 b4
17.Ne2 Qe7 18.Ng3 h6 19.e4 Nd7 20.Bc4 Ne8 21.Rab1 Nb6 22.Bf1 g5 23.Be3 g4
24.hxg4 Bxg4 25.Bxa6 Bxf3 26.gxf3 Nd7 27.Kg2 Ne5 28.Rh1 Ng6 29.Nf5 Qe5 30.Qd2 Nf6
31.Ng3 h5 32.f4 Qe8 33.Bb5 Qc8 34.f3 h4 35.Nf5 Rd8 36.Kf2 Kf8 37.Rbc1 Bh8
38.Nxd6 Rxd6 39.Bxc5 Kg8 40.Bxd6 Qd8 41.Bxb8 Qxb8 42.d6 Qb6+ 43.Kf1  1-0

[Event "BL2-W9798"]
[Site "Germany"]
[Date "1998.??.??"]
[Round "?.4"]
[White "Gruen, Peter"]
[Black "Kinsman, Andrew PH"]
[Result "0-1"]
[WhiteElo "2385"]
[BlackElo "2395"]

1.d4 Nf6 2.Nf3 e6 3.c4 c5 4.d5 exd5 5.cxd5 d6 6.Nc3 g6 7.g3 Bg7 8.Bg2 O-O
9.O-O a6 10.a4 Nbd7 11.Bf4 Qc7 12.Rc1 Nh5 13.Bd2 Re8 14.b4 b6 15.a5 b5 16.Re1 Nhf6
17.e4 Ng4 18.Bf4 c4 19.Nd4 Nde5 20.Bxe5 Nxe5 21.Bf1 Bg4 22.f3 Bd7 23.Kh1 Qa7
24.Nc6 Bxc6 25.dxc6 Rad8 26.c7 Qxc7 27.Nd5 Qa7 28.f4 Nc6 29.Bg2 Nd4 30.Qg4 f5
31.exf5 Nxf5 32.Nb6 Ne3 33.Bd5+ Nxd5 34.Nxd5 Qf7 35.Qf3 h5 36.h3 Rxe1+ 37.Rxe1 Re8
38.Re4 Kh7 39.Rxe8 Qxe8 40.Kg2 Qe1 41.f5 Qd2+ 42.Kf1 Qc1+ 43.Kg2 Qc2+ 44.Kf1 Qb1+
45.Kg2 Qxf5 46.Qxf5 gxf5 47.Kf3 Be5 48.Ne7 h4 49.gxh4 f4 50.Nd5 Kh6 51.Ke2 Kh5
52.Nc7 c3 53.Kd3 f3 54.Nxb5 f2  0-1

[Event "BL2-N9798"]
[Site "Germany"]
[Date "1998.??.??"]
[Round "6.4"]
[White "Hegeler, Frank"]
[Black "Mattick, Lutz"]
[Result "1-0"]
[WhiteElo "2330"]
[BlackElo "2285"]

1.d4 Nf6 2.c4 e6 3.Nf3 c5 4.d5 exd5 5.cxd5 d6 6.Nc3 g6 7.e4 Bg7 8.h3 O-O
9.Bd3 b5 10.Nxb5 Re8 11.Bg5 c4 12.Bxc4 Rxe4+ 13.Be2 Qa5+ 14.Nd2 Ba6 15.Nc3 Bxe2
16.Nxe2 Re5 17.Bf4 Rxd5 18.O-O Nh5 19.Qc2 Qa6 20.Rac1 Nd7 21.Qe4 Ndf6 22.Qf3 Nxf4
23.Nxf4 Qb7 24.Nxd5 Qxd5 25.Qxd5 Nxd5 26.Nc4 Nf4 27.Rc2 d5 28.Nd6 d4 29.Rfc1 Be5
30.Rc8+ Rxc8 31.Rxc8+ Kg7 32.Nc4 Bf6 33.Kf1 Nd3 34.Rc7 a6 35.Nd6 Be5 36.Rxf7+ Kg8
37.Rd7 Nxb2 38.Nf7 Bg7 39.Ng5 Be5 40.Nf3  1-0